Estimating Consttuction Costs (Record no. 31328)

MARC details
000 -LEADER
fixed length control field 00340nam a22001457a 4500
003 - CONTROL NUMBER IDENTIFIER
control field OSt
005 - DATE AND TIME OF LATEST TRANSACTION
control field 20220223104244.0
008 - FIXED-LENGTH DATA ELEMENTS--GENERAL INFORMATION
fixed length control field 220223b |||||||| |||| 00| 0 eng d
020 ## - INTERNATIONAL STANDARD BOOK NUMBER
International Standard Book Number 1397812590012106
040 ## - CATALOGING SOURCE
Transcribing agency HU
082 ## - DEWEY DECIMAL CLASSIFICATION NUMBER
Edition number 5th
Classification number 692.5
100 ## - MAIN ENTRY--PERSONAL NAME
Personal name Peurifoy
9 (RLIN) 31258
245 ## - TITLE STATEMENT
Title Estimating Consttuction Costs
942 ## - ADDED ENTRY ELEMENTS (KOHA)
Source of classification or shelving scheme Dewey Decimal Classification
Koha item type Books like text book referance book
Suppress in OPAC No
Holdings
Withdrawn status Lost status Source of classification or shelving scheme Damaged status Not for loan Home library Current library Date acquired Total Checkouts Full call number Barcode Date last seen Copy number Price effective from Koha item type
    Dewey Decimal Classification     IoT Library IoT Library 02/23/2022   692.5/PEU/2012 IOTL0015431 02/23/2022 1 02/23/2022 Books like text book referance book
    Dewey Decimal Classification     IoT Library IoT Library 02/23/2022   692.5/PEU/2012 IOTL0015432 02/23/2022 2 02/23/2022 Books like text book referance book
    Dewey Decimal Classification     IoT Library IoT Library 02/23/2022   692.5/PEU/2012 IOTL0015433 02/23/2022 3 02/23/2022 Books like text book referance book
    Dewey Decimal Classification     IoT Library IoT Library 02/23/2022   692.5/PEU/2012 IOTL0015434 02/23/2022 4 02/23/2022 Books like text book referance book
    Dewey Decimal Classification     IoT Library IoT Library 02/23/2022   692.5/PEU/2012 IOTL0015435 02/23/2022 5 02/23/2022 Books like text book referance book
    Dewey Decimal Classification     IoT Library IoT Library 02/23/2022   692.5/PEU/2012 IOTL0015436 02/23/2022 6 02/23/2022 Books like text book referance book
    Dewey Decimal Classification     IoT Library IoT Library 02/23/2022   692.5/PEU/2012 IOTL0015437 02/23/2022 7 02/23/2022 Books like text book referance book
    Dewey Decimal Classification     IoT Library IoT Library 02/23/2022   692.5/PEU/2012 IOTL0015438 02/23/2022 8 02/23/2022 Books like text book referance book
    Dewey Decimal Classification     IoT Library IoT Library 02/23/2022   692.5/PEU/2012 IOTL0015439 02/23/2022 9 02/23/2022 Books like text book referance book
    Dewey Decimal Classification     IoT Library IoT Library 02/23/2022   692.5/PEU/2012 IOTL0015440 02/23/2022 10 02/23/2022 Books like text book referance book